Eastern Utah Libraries Catalog: Duchesne, Heber, Roosevelt, & Vernal

On the move with great white sharks / (Record no. 387809)

MARC details
000 -LEADER
fixed length control field 02181cam a2200397 i 4500
001 - CONTROL NUMBER
control field sky305327083
003 - CONTROL NUMBER IDENTIFIER
control field SKY
005 - DATE AND TIME OF LATEST TRANSACTION
control field 20230913173613.0
008 - FIXED-LENGTH DATA ELEMENTS--GENERAL INFORMATION
fixed length control field 220106s2023 mnua j 001 0 eng
010 ## - LIBRARY OF CONGRESS CONTROL NUMBER
LC control number 2021060802
020 ## - INTERNATIONAL STANDARD BOOK NUMBER
International Standard Book Number 9781636908854
Qualifying information (hardcover)
020 ## - INTERNATIONAL STANDARD BOOK NUMBER
International Standard Book Number 1636908853
Qualifying information (hardcover)
020 ## - INTERNATIONAL STANDARD BOOK NUMBER
International Standard Book Number 9781636908861
Qualifying information (paperback)
020 ## - INTERNATIONAL STANDARD BOOK NUMBER
International Standard Book Number 1636908861
Qualifying information (paperback)
040 ## - CATALOGING SOURCE
Original cataloging agency DLC
Language of cataloging eng
Description conventions rda
Transcribing agency DLC
Modifying agency DLC
042 ## - AUTHENTICATION CODE
Authentication code pcc
082 00 - DEWEY DECIMAL CLASSIFICATION NUMBER
Classification number 597.3/3
Edition number 23
092 ## - LOCALLY ASSIGNED DEWEY CALL NUMBER (OCLC)
Classification number children nonfiction
Item number Donnelly
100 1# - MAIN ENTRY--PERSONAL NAME
Personal name Donnelly, Rebecca.
9 (RLIN) 6473381
245 10 - TITLE STATEMENT
Title On the move with great white sharks /
Statement of responsibility, etc by Rebecca Donnelly ; illustrated by Alan Brown.
264 #1 - Production, Publication, Distribution, Manufacture, and Copyright Notice.
Place of production, publication, distribution, manufacture Minneapolis, MN :
Name of producer, publisher, distributor, manufacturer Jump!, Inc.,
Date of production, publication, distribution, manufacture, or copyr [2023]
300 ## - PHYSICAL DESCRIPTION
Extent 24 pages :
Other physical details color illustrations ;
Dimensions 23 cm.
490 1# - SERIES STATEMENT
Series statement Grasshopper. Level 3. Amazing migrations.
500 ## - GENERAL NOTE
General note Includes index.
520 ## - SUMMARY, ETC.
Summary, etc "In this title, early fluent readers follow Greta the great white shark as she travels to the open ocean. Read along as Greta travels to the White Shark Cafe to feed, spends time near the coast of Hawaii, and eventually makes it back to the California coast to give birth. Vibrant illustrations and carefully leveled text will engage young readers in a supportive educational fiction reading experience. Children can learn more about great white sharks using Fact Surfer, our safe online search engine that provides relevant, age-appropriate websites. This book also features reading tips for teachers and parents, a glossary, a range map, an index, and a table of contents. Grasshopper Books offers simple, fun fiction for emerging readers. On the Move with Great White Sharks is part of Jump!'s Amazing Migrations series"--
521 ## - TARGET AUDIENCE NOTE
Target audience note Ages 7-10
Source Jump!, Inc.
650 #0 - SUBJECT ADDED ENTRY--TOPICAL TERM
Topical term or geographic name as entry element White Shark
General subdivision Migration
Form subdivision Juvenile literature.
9 (RLIN) 6473388
650 #0 - SUBJECT ADDED ENTRY--TOPICAL TERM
Topical term or geographic name as entry element Migratory animals
Form subdivision Juvenile literature.
9 (RLIN) 6472713
700 1# - ADDED ENTRY--PERSONAL NAME
Personal name Brown, Alan
Titles and other words associated with a name (Illustrator),
Relator term illustrator.
9 (RLIN) 6406442
800 1# - SERIES ADDED ENTRY--PERSONAL NAME
Personal name Donnelly, Rebecca.
Title of a work Amazing migrations.
9 (RLIN) 6473383
830 #0 - SERIES ADDED ENTRY--UNIFORM TITLE
Uniform title Grasshopper.
Number of part/section of a work Level 3.
Name of part/section of a work Amazing migrations.
9 (RLIN) 6473384
942 ## - ADDED ENTRY ELEMENTS (KOHA)
Source of classification or shelving scheme Dewey Decimal Classification
Koha item type BOOK
Holdings
Withdrawn status Lost status Source of classification or shelving scheme Damaged status Not for loan Collection code Home library Current library Shelving location Date acquired Source of acquisition Total Checkouts Total Renewals Full call number Barcode Date last seen Date checked out Cost, replacement price Price effective from Koha item type
    Dewey Decimal Classification     Children NonFiction Wasatch County Library Wasatch County Library Main Floor Childrens Area 09/13/2023 Rainbow Books 7 6 E Animals Ocean Donnelly 34301002038919 04/22/2025 03/08/2025 19.95 09/13/2023 BOOK
This project was made possible through a grant from the Institute of Museum and Library Service administered by the Utah State Library Division.

Wasatch County Library

  • 465 East 1200 South, Heber City, Utah 84032
  • Phone 435-654-1511 | Fax 435-654-6456

Hours

  • Monday - Friday 9:30 AM - 8:00 PM
  • Saturday 9:30 AM - 1:30 PM
  • Closed Sundays and Holidays